000 00764nam a2200217 a 4500
001 39142
003 BD-RjUL
005 20211209052927.0
008 160405t2004 b ||||e |||| 00| 0 ben d
020 _a9840744674
_cTk. 75.00
035 _a(BD-RjUL)39254
040 _aBD-RjUL
_bben
_cBD-RjUL
041 _aben
082 _223
_a340.59
_bCHM 2004
100 _aচৌধুরী, শহীদ আহমেদ .
_9120773
245 _aমুসলিম আইনের ইতিহাস /
_cশহীদ আহমেদ চৌধুরী .
260 _aঢাকা :
_bবাংলা একাডেমী, ঢাকা ;
_c২০০৪ .
300 _a[৮], ১৬০ পৃ. :
_c২১ সেমি.
650 _aIslamic Law
_9120794
942 _2ddc
_cBK
999 _c39142
_d39142